000 00880cab a2200277 4500
001 WB2928-55
008 090401t1993 xxu||||| |||| 00| 0 eng d
035 _a(Sirsi) u2988
041 _aeng
245 _aSix-lane link announced for M25
260 _c1993
350 _a0
490 _aDaily Telegraph
_v23 July 1993, 6
490 _aRICS Press Release
_v(PR155/93infra) 23 July 1993, 6
490 _aDepartment of Transport Press Notice
_v(285) 22 July 1993, (13)
520 _aSoS for Transport John MacGregor announces 14 lane M25 widening scheme. Map. RICS questions Government transport strategy.
650 _a14 LANE MOTORWAY
650 _a6 LANE ROAD LINK
650 _aENVIRONMENTAL IMPACT ASSESSMENTS
650 _aM25
650 _aMOTORWAY WIDENING
650 _aRICS
690 _aTRANSPORT AND COMMUNICATIONS
942 _n0
948 _c04/03/1997
999 _c1799
_d1799